000 00517nam a22001817a 4500
008 150327b xxu||||| |||| 00| 0 eng d
020 _a9780071784900
041 0 _aeng
080 _a330.322.1
100 _aMcGinn, Jeffrey.
245 1 0 _aTail risk killers :
_cJeffrey McGinn.
260 _aNew York :
_bMcGraw-Hill,
_c2012.
300 _a374 f.;
_bme il.;
_c24 cm.
505 _aIndex: f.367-374
650 0 _aInvestime
650 0 _aFinanca
942 _2udc
_cBK
999 _c544
_d544